000 00701cam a2200229 4500
001 WB3628-10
008 000000n2000 000 0 eng u
035 _a(Sirsi) u107212
245 _aEU decision on lindane
260 _c2000
490 _aMAFF News Release
_v13 July 2000, (2)
520 _aThe European Union with UK support has voted to ban Lindane, the organochloride pesticide. if adopted the decision will have to be acted upon by all member states.
590 _aWB
650 _aPESTICIDES
650 _aLINDANE
650 _aHEALTH HAZARDS
650 _aEUROPEAN UNION
650 _aCANCER
650 _aBAN
690 _aENVIRONMENTAL AND LAND CONSULTANCY
942 _n0
999 _c64095
_d64095